000
00368nam a2200145Ia 4500
008
191206s9999 xx 000 0 und d
020
_a
869255576
090
_a
PR2837A2H63
245
0
_a
Twelfth night Or What you will
260
_a
College Press
260
_b
Actors on Shakespeare
260
_c
c1984
300
_a
"vii, 66 p. ; 18 cm."
999
_c
17222
_d
17222